LEADER 01190nas a2200301 i 4500 001 000000256959 003 CaOOAMICUS 005 20180122000000.0 008 180122b2018 xxkuu u0 0eng r 013 $a235867 040 $aSeMil$bita 245 10$a[2018] /$c[Edited by Robin Gill]. 260 $aLondon :$bSPCK,$ccopyr. 2018. 260 $aLondon :$bSAGE Publications,$ccopyr. 2018. 300 $a24 cm. 500 $aFormulazione di responsabilitā dalla copertina. - Articoli con sintesi in inglese [Abstract] in testa. - VOLUME IN COMPOSIZIONE. 700 1 $aGill, Robin,$d<1944- >.$0(OLS)http://semarc/name/80404 774 0 $tJanuary-February.$w()291861 774 0 $tMay-June.$w()336736 774 0 $tJuly-August.$w()336737 774 0 $tSeptember-October.$w()336738 774 0 $tNovember-December.$w()336739 850 $aSeMil 852 $aSeMil$W1$xVenegono$y1$m184 1 57$j216466$B207305$CSeMilBibl$Z2$F0 $85 961 $aAbbonamento: SPCK 996 $6245$a[2018]$9(OLS)http://semarc/title/412563 996 $6260$aLondon :$bSAGE Publications$9(OLS)http://semarc/publisher/44327 996 $6260$aLondon :$bSPCK$9(OLS)http://semarc/publisher/31034 LEADER 00789nam a2200181 i 4500 001 000000055680 003 CaOOAMICUS 005 19970709000000.0 008 970709n xx u000 u spa u 013 $a26852 040 $aSeMil$bita 100 1 $aRuiz de la Peņa, Juan Luis.$0(OLS)http://semarc/name/3734 245 13$aEl hombre y su muerte :$bantropologia teologica actual. Burgos : Imprenta de Aldecoa, 1971. 650 4$aAntropologia teologica.$0(OLS)http://semarc/subject/2114 650 4$aTesi di laurea.$0(OLS)http://semarc/subject/1690 850 $aSeMil 852 $aSeMil$W1$xVenegono$y1$m2I III 76$j21834$B21834$CSeMilBibl$Z2$F21836 $81 996 $6245$aEl hombre y su muerte :$bantropologia teologica actual. Burgos : Imprenta de Aldecoa, 1971.$9(OLS)http://semarc/title/86410